| 000 | 00000nam 2200000zi 4500 |
| 001 | 9.900501 |
| 003 | CaOODSP |
| 005 | 20221107175424 |
| 006 | m o d f |
| 007 | cr cn||||||||| |
| 008 | 210607t20212021quca o f000 0 eng d |
| 020 | |a9780660391502 |
| 040 | |aCaOODSP|beng|erda|cCaOODSP |
| 043 | |an-cn-bc|an-us-wa |
| 086 | 1 |aEn4-227/1-2021E-PDF |
| 245 | 04|aThe Salish Sea transboundary ecosystem indicators : |b2020 update : executive summary. |
| 264 | 1|aGatineau QC : |bGovernment of Canada = Gouvernement du Canada, |c[2021] |
| 264 | 4|c©2021 |
| 300 | |a1 online resource (8 pages) : |bcolour illustrations |
| 336 | |atext|btxt|2rdacontent |
| 337 | |acomputer|bc|2rdamedia |
| 338 | |aonline resource|bcr|2rdacarrier |
| 500 | |aIssued also in French under title: Les indicateurs sur la santé de la mer des Salish : mise à jour de 2020 : sommaire. |
| 500 | |aIssued by: Environment and Climate Change Canada. |
| 650 | 0|aMarine ecosystem health|zSalish Sea (B.C. and Wash.) |
| 650 | 0|aEnvironmental indicators|zSalish Sea (B.C. and Wash.) |
| 710 | 1 |aCanada. |bEnvironment and Climate Change Canada, |eissuing body. |
| 775 | 08|tLes indicateurs sur la santé de la mer des Salish : |w(CaOODSP)9.900502 |
| 794 | |tCanada - U.S. cooperation in the Salish Sea : |w(CaOODSP)9.900503 |
| 795 | |tSalish Sea transboundary ecosystem indicators : |w(CaOODSP)9.698278 |
| 856 | 40|qPDF|s7.50 MB|uhttps://publications.gc.ca/collections/collection_2021/eccc/En4-227-1-2021-eng.pdf |